<?xml version="1.0" encoding="UTF-8"?><?xml-stylesheet type="text/xsl" href="static/style.xsl"?><OAI-PMH xmlns="http://www.openarchives.org/OAI/2.0/" xmlns:xsi="http://www.w3.org/2001/XMLSchema-instance" xsi:schemaLocation="http://www.openarchives.org/OAI/2.0/ http://www.openarchives.org/OAI/2.0/OAI-PMH.xsd"><responseDate>2026-04-28T18:58:30Z</responseDate><request verb="GetRecord" identifier="oai:uvadoc.uva.es:10324/17876" metadataPrefix="marc">https://uvadoc.uva.es/oai/request</request><GetRecord><record><header><identifier>oai:uvadoc.uva.es:10324/17876</identifier><datestamp>2021-06-30T08:32:05Z</datestamp><setSpec>com_10324_7462</setSpec><setSpec>com_10324_5186</setSpec><setSpec>com_10324_29291</setSpec><setSpec>col_10324_7470</setSpec></header><metadata><record xmlns="http://www.loc.gov/MARC21/slim" xmlns:doc="http://www.lyncode.com/xoai" xmlns:xsi="http://www.w3.org/2001/XMLSchema-instance" xmlns:dcterms="http://purl.org/dc/terms/" xsi:schemaLocation="http://www.loc.gov/MARC21/slim http://www.loc.gov/standards/marcxml/schema/MARC21slim.xsd">
<leader>00925njm 22002777a 4500</leader>
<datafield tag="042" ind1=" " ind2=" ">
<subfield code="a">dc</subfield>
</datafield>
<datafield tag="720" ind1=" " ind2=" ">
<subfield code="a">Esteban Estríngana, Alicia</subfield>
<subfield code="e">author</subfield>
</datafield>
<datafield tag="260" ind1=" " ind2=" ">
<subfield code="c">2006</subfield>
</datafield>
<datafield tag="520" ind1=" " ind2=" ">
<subfield code="a">La magnitud y la celeridad del gasto consignado en la Pagaduría general del ejército de Flandes complicaron su contabilidad y dificultaron las labores de control tradicionalmente aplicado sobre ella. En este artículo se contrastan la gestión cotidiana de la tesorería y los problemas que el control ordinario de sus actividades plantearon a la Corona en el transcurso de la primera mitad del siglo XVII. El contraste demuestra que se formularon soluciones adecuadas para resolverlos, aunque no se aplicaron, pues su aplicación implicaba trastocar el marco administrativo militar en una coyuntura de guerra.</subfield>
</datafield>
<datafield tag="520" ind1=" " ind2=" ">
<subfield code="a">The magnitude and the swiftness of allocated spending in the Pagaduría general of the Spanish army in Flanders complicated its accounting and made more difficult its traditional way of control. In this paper, the treasurership daily management is contrasted with the problems that usual controlwork posed to Spanish Crown in the course of the first half of the Seventeenth century. AIthough appropriate solutions were formulated to solve them, they were never applicated, because they should alter completely the military administrative framework on a war time.</subfield>
</datafield>
<datafield tag="024" ind2=" " ind1="8">
<subfield code="a">Investigaciones históricas: Época moderna y contemporánea, 2006, N.26, pags.29-60</subfield>
</datafield>
<datafield tag="024" ind2=" " ind1="8">
<subfield code="a">0210-9425</subfield>
</datafield>
<datafield tag="024" ind2=" " ind1="8">
<subfield code="a">http://uvadoc.uva.es/handle/10324/17876</subfield>
</datafield>
<datafield tag="024" ind2=" " ind1="8">
<subfield code="a">29</subfield>
</datafield>
<datafield tag="024" ind2=" " ind1="8">
<subfield code="a">26</subfield>
</datafield>
<datafield tag="024" ind2=" " ind1="8">
<subfield code="a">60</subfield>
</datafield>
<datafield ind1=" " ind2=" " tag="653">
<subfield code="a">Historia moderna y contemporánea</subfield>
</datafield>
<datafield tag="245" ind1="0" ind2="0">
<subfield code="a">Gestión de tesorería y control de contabilidad militar: un balance para el ejército de Flandes durante la primera mitad del siglo XVII</subfield>
</datafield>
</record></metadata></record></GetRecord></OAI-PMH>